000 01179nab a22002297a 4500
999 _c5757
_d5757
003 OSt
005 20260105144754.0
008 190514b xxu||||| |||| 00| 0 spa d
040 _cPJ
100 _96671
_aFonollosa, Rocío
245 1 0 _aMitad y mitad no alcanza: reflexiones en torno a la obligación alimentaria de los/as progenitores en el cuidado personal alternado. Un análisis con perspectiva de niñez y género /
_cRocío Fonollosa.
300 _ap. 110-116
500 _aCita: TR LALEY AR/DOC/870/2025.
505 _aSumario: I. Introducción.— II. Sentencia de primera instancia y apelación.— III. Segunda instancia.— IV. Desarrollo.— V. Breve conclusión.
505 _tFallo comentado: C2aCiv. y Com., La Plata, sala I ~ 12/12/2024 ~ M., R. J. c. M., J. M. s/ alimentos.
650 0 _92741
_aDERECHOS DE LAS NIÑAS, NIÑOS Y ADOLESCENTES
650 0 _9967
_aDERECHO DE FAMILIA
650 0 _94099
_aCUOTA ALIMENTARIA
650 0 _91057
_aJURISPRUDENCIA APLICABLE
773 0 _02844
_93222
_dBuenos Aires : AbeledoPerrot, 1989-
_tDerecho de familia. Revista Interdisciplinaria de doctrina y jurisprudencia. Junio 2025-III.
_z18511201
942 _2udc
_cANA